00326pab a2200133 454500008004000000100001900040245003800059260000900097300001100106362001000117650002900127650002100156773001500177180718b2003 xxu||||| |||| 00| 0 eng d aMishra, Girish aEconomic survey 2002-03: a review c2003 ap.7-9. a8 Mar aEconomic surveys - India aEconomic surveys aMainstream